Bootstrapping A Software Company (Record no. 96233)

MARC details
000 -LEADER
fixed length control field 00576nam a2200229Ia 4500
005 - DATE AND TIME OF LATEST TRANSACTION
control field 20230426041549.0
008 - FIXED-LENGTH DATA ELEMENTS--GENERAL INFORMATION
fixed length control field 230125s9999 xx 000 0 und d
020 ## - INTERNATIONAL STANDARD BOOK NUMBER
International Standard Book Number 9789350230268
041 ## - LANGUAGE CODE
Language code of text/sound track or separate title eng
082 ## - DEWEY DECIMAL CLASSIFICATION NUMBER
Classification number 658.421
Item number YAD
100 ## - MAIN ENTRY--PERSONAL NAME
Author Yadav P
245 ## - TITLE STATEMENT
Title Bootstrapping A Software Company
250 ## - EDITION STATEMENT
Edition statement 1st Ed.
260 ## - PUBLICATION, DISTRIBUTION, ETC.
Date of publication, distribution, etc. 2010
Name of publisher, distributor, etc. Shroff publisher and distributors
Place of publication, distribution, etc. Mumbai
300 ## - PHYSICAL DESCRIPTION
Extent 326p
500 ## - GENERAL NOTE
Keywords Entrepreneurship<br/>
650 ## - SUBJECT ADDED ENTRY--TOPICAL TERM
Topical term or geographic name entry element Entrepreneurship
700 ## - ADDED ENTRY--PERSONAL NAME
Personal name Yadav P
942 ## - ADDED ENTRY ELEMENTS (KOHA)
Koha item type Books
906 ## - LOCAL DATA ELEMENT F, LDF (RLIN)
b 119
Holdings
Withdrawn status Lost status Damaged status Not for loan Home library Current library Date acquired Vendor Net Price Bill number Total Checkouts Full call number Barcode Date last seen Actual Price Bill Date Koha item type Original Barcode
        Smt. Hiraben Nanavati Institute of Management & Research for Women Smt. Hiraben Nanavati Institute of Management & Research for Women 07/01/2020 Forward Books 425.00 11164   658.421 YAD B19493 HIMR-BK-19493 25/01/2023 306.00 25/01/2023 Books B19493
        Smt. Hiraben Nanavati Institute of Management & Research for Women Smt. Hiraben Nanavati Institute of Management & Research for Women 07/01/2020 Forward Books 425.00 11164   658.421 YAD B19494 HIMR-BK-19494 25/01/2023 306.00 25/01/2023 Books B19494
        Smt. Hiraben Nanavati Institute of Management & Research for Women Smt. Hiraben Nanavati Institute of Management & Research for Women 07/01/2020 Forward Books 425.00 11164   658.421 YAD B19495 HIMR-BK-19495 25/01/2023 306.00 25/01/2023 Books B19495